<?xml version="1.0" encoding="UTF-8"?>
<record
    xmlns:xsi="http://www.w3.org/2001/XMLSchema-instance"
    xsi:schemaLocation="http://www.loc.gov/MARC21/slim http://www.loc.gov/standards/marcxml/schema/MARC21slim.xsd"
    xmlns="http://www.loc.gov/MARC21/slim">

  <leader>03772nam a2200265 i 4500</leader>
  <controlfield tag="001">Rebiun33762924</controlfield>
  <controlfield tag="007">ta</controlfield>
  <controlfield tag="008">230414s2023    sp ad         000 0 spa d</controlfield>
  <datafield tag="017" ind1=" " ind2=" ">
    <subfield code="a">B 22483-2022, </subfield>
    <subfield code="b">Biblioteca de Catalunya</subfield>
  </datafield>
  <datafield tag="020" ind1=" " ind2=" ">
    <subfield code="a">9788408269328</subfield>
  </datafield>
  <datafield tag="040" ind1=" " ind2=" ">
    <subfield code="a">UGR </subfield>
    <subfield code="e">rda</subfield>
    <subfield code="b">eng</subfield>
    <subfield code="c">tbs</subfield>
  </datafield>
  <datafield tag="041" ind1=" " ind2=" ">
    <subfield code="a">spa </subfield>
    <subfield code="h">eng</subfield>
  </datafield>
  <datafield tag="050" ind1=" " ind2=" ">
    <subfield code="a">SF407.D6</subfield>
  </datafield>
  <datafield tag="100" ind1=" " ind2=" ">
    <subfield code="a">Howard, Jules, </subfield>
    <subfield code="e">author. </subfield>
    <subfield code="9">25174</subfield>
  </datafield>
  <datafield tag="240" ind1="1" ind2="0">
    <subfield code="a">Wonderdog: How the Science of Dogs Changed the Science of Life. </subfield>
    <subfield code="l">Espa&#xF1;ol</subfield>
  </datafield>
  <datafield tag="245" ind1="1" ind2="3">
    <subfield code="a">Un ser maravilloso </subfield>
    <subfield code="b">: Una mirada cient&#xED;fica al v&#xED;nculo entre perros y humanos </subfield>
    <subfield code="c">/ Jules Howard</subfield>
  </datafield>
  <datafield tag="250" ind1=" " ind2=" ">
    <subfield code="a">First edition</subfield>
  </datafield>
  <datafield tag="260" ind1=" " ind2=" ">
    <subfield code="a">Barcelona : </subfield>
    <subfield code="b">Blackie books, </subfield>
    <subfield code="c">2015</subfield>
  </datafield>
  <datafield tag="300" ind1=" " ind2=" ">
    <subfield code="a">299 pages; </subfield>
    <subfield code="c">22 cm</subfield>
  </datafield>
  <datafield tag="520" ind1="3" ind2=" ">
    <subfield code="a">Una celebraci&#xF3;n de los perros, de nuestra m&#xE1;gica relaci&#xF3;n con ellos y de su contribuci&#xF3;n a la ciencia para hacer de este planeta un lugar mejor para todas las especies. Qu&#xE9; piensan realmente los perros de nosotros? Qu&#xE9; saben del mundo? Sienten emociones como las nuestras? Aman como nosotros? En casi todos los lugares del planeta donde hay humanos, hay perros. Intrusos caninos que entraron en nuestras vidas hace miles de a&#xF1;os y que a&#xFA;n no se han marchado. Los perros son nuestros amigos, y lo son de una manera que la mayor&#xED;a del resto de animales dom&#xE9;sticos no lo son. Despreciados durante d&#xE9;cadas como objeto de estudio, en los &#xFA;ltimos a&#xF1;os una nueva generaci&#xF3;n de cient&#xED;ficos ha vuelto a fijarse en los perros. Para descubrir sus impresionantes capacidades cognitivas, era necesario un nuevo enfoque. Tratados con amor y compasi&#xF3;n, los perros nos han revelado su mirada &#xFA;nica sobre el mundo y han dado respuesta a algunas de las mayores preguntas de la vida. Un ser maravilloso es una celebraci&#xF3;n de las mentes de los perros y de los secretos que guardan. Y es una carta de amor a la ciencia, en los buenos y en los malos momentos. </subfield>
    <subfield code="b">[Resumen del editor]</subfield>
  </datafield>
  <datafield tag="520" ind1="3" ind2=" ">
    <subfield code="a">
"A celebration of dogs, the scientists who've lived alongside them, and how canines have been key to advancements in science for the betterment of all species. Almost everywhere there are humans on planet Earth, there are dogs. But what do dogs know and understand of the world? Do their emotions feel like our own? Do they love like we do? What do they think of us? Since our alliance first began on the hunt and on the farm, our relationship with dogs has evolved considerably. And with domestic dog population rising twenty per cent in the last decade alone, it is a bond that will continue to evolve. In order to gauge where our relationship with dogs goes from here, author and zoologist Jules Howard takes a look at the historical paths we have trod together, and at the many scientists before him who turned their analytic eye on their own four-legged companions. Charles Darwin and his contemporaries toyed with dog sign language and made special puzzle boxes and elaborate sniff tests using old socks. Later, the same questions drove Pavlov and Pasteur to unspeakable cruelty in their search for knowledge. Since then, leagues of psychologists and animal behaviorists have built upon the study of dogs and their much-improved methods have fetched increasingly important results: dogs have episodic memory similar to ours; they recognize themselves as individuals; and, in addition to their expert sense of smell, dogs' noses can even detect thermal radiation. With the help of vets, ethologists, neurologists, historians and, naturally, his own dogs, Wonderdog reveals the study of dogs to be key in the advancement of compassion in scientific research, and crucial to making life on Earth better for all species"-- Provided by publisher.</subfield>
  </datafield>
  <datafield tag="650" ind1=" " ind2="0">
    <subfield code="a">Dogs--Research--History.</subfield>
    <subfield code="9">25175</subfield>
  </datafield>
  <datafield tag="650" ind1=" " ind2="0">
    <subfield code="a">Human-animal relationships.</subfield>
    <subfield code="9">25176</subfield>
  </datafield>
  <datafield tag="942" ind1=" " ind2=" ">
    <subfield code="2">lcc</subfield>
  </datafield>
  <datafield tag="952" ind1=" " ind2=" ">
    <subfield code="0">0</subfield>
    <subfield code="1">0</subfield>
    <subfield code="2">lcc</subfield>
    <subfield code="4">0</subfield>
    <subfield code="7">0</subfield>
    <subfield code="a">TBS</subfield>
    <subfield code="b">TBS</subfield>
    <subfield code="d">2025-05-09</subfield>
    <subfield code="l">0</subfield>
    <subfield code="o">SF407.D6 HOW</subfield>
    <subfield code="p">B05810</subfield>
    <subfield code="r">2025-05-09</subfield>
    <subfield code="t">1</subfield>
    <subfield code="w">2025-05-09</subfield>
    <subfield code="y">1</subfield>
    <subfield code="z">WELL COLLECTION</subfield>
  </datafield>
  <datafield tag="999" ind1=" " ind2=" ">
    <subfield code="c">4647</subfield>
    <subfield code="d">4647</subfield>
  </datafield>
</record>
